• 首页
  • 本馆介绍
  • 公告通知
  • 最新文献
  • 馆藏检索
  • 电子资源
  • 读者导购
  • 参考咨询
  • 我的图书馆
  • 登录
  • 详细信息显示
  • 放入我的书架
  • 预约/预借图书
  • 作者相关作品
  • 分类相关作品
  • 丛书相关作品
  • 出版社相关作品

书目信息

  • 表格格式
  • 工作单格式
  • 卡片格式
题名:
名哲言行录
    
 
作者: 古希腊第欧根尼·拉尔修 ;马永翔
分册: 下册  
出版信息: 长春   吉林人民出版社  2003
页数: 818页
开本: 20cm
丛书名:
单 册:
中图分类: B6
科图分类:
主题词: 哲学--大洋洲
电子资源:
ISBN: 7-206-04099-3
000 00641nam0 2200193 450
001 0728815141
005 20070819080015.14
010    @a7-206-04099-3@d¥56.50
100    @a20070819d km y0chiy0120 ea
101 0  @achi
200 1  @a名哲言行录@Aming zhe yan xing lu@h下册@f[古希腊]第欧根尼.拉尔修@F[gu xi la]di ou gen ni.la er xiu@g马永翔等@Gma yong xiang deng
210    @a长春@c吉林人民出版社@d2003
215    @a818页@d20cm
606 0  @a哲学@x大洋洲
690    @aB6@v3
701  0 @a古希腊第欧根尼·拉尔修@Agu xi la di ou gen ni·la er xiu
702  0 @a马永翔@Ama yong xiang
801  0 @aCN@bPFT@c20070819
905    @a213230@dB6@eZW323:2@f1
    
    名哲言行录.下册/[古希腊]第欧根尼.拉尔修/马永翔等.-长春:吉林人民出版社,2003
    818页;20cm
    
    
    ISBN 7-206-04099-3:¥56.50
    
●
相关链接 在E读中查询图书 在五车中查询图书 在当当中查询图书 在豆瓣中查询图书


正题名:名哲言行录     索取号:B6/ZW323:2         预约/预借

序号 登录号 条形码 馆藏地/架位号 状态 备注
1 7600474   276004743   密集书库-文学院/ [索取号:B6/ZW323:2] 在馆    
唐山师范学院图书馆 欢迎您!
大连网信软件有限公司© 版权所有